Statistics for Most Common English Adjectives With Hints

Click here to take the quiz!

General Stats

  • This quiz has been taken 14,311 times
  • The average score is 13 of 25

Answer Stats

synonymword% Correct
petitesmall
89%
sizablebig
86%
positivegood
82%
modernnew
73%
crummybad
68%
juvenileyoung
66%
correctright
63%
elevatedhigh
62%
venerableold
59%
jumbolarge
57%
prematureearly
52%
gloriousgreat
52%
earliestfirst
51%
latestlast
50%
crucialimportant
47%
alikesame
46%
diminutivelittle
44%
alternateother
43%
protractedlong
41%
subsequentnext
39%
somefew
35%
possessedown
35%
disparatedifferent
34%
adeptable
12%
communalpublic
12%

Score Distribution

Percentile by Number Answered

Percent of People with Each Score

Your Score History

You have not taken this quiz